Finish the Famous Trios Quiz Stats

 Plays Quiz Updated Sep 24, 2016

Challenge
Share
Tweet
Embed
Score 0/24 Timer 08:00
4 Plays Today
First Two Third % Correct
Earth, Wind &...Fire
98.5%
Rock, paper...Scissors
98.5%
Gold, silver...bronze
95.9%
Scarecrow, Tin Man, and...Cowardly Lion
95.3%
A hop, skip and...a jump
93.8%
Chocolate, strawberry, and...vanilla
93.7%
Denmark, Norway, and...Sweden
91.7%
Hear no evil, see no evil...speak no evil
86.4%
Huey, Dewey, and...Louie
83.9%
The Niña, Pinta, and...Santa María
79.8%
Faith, hope, and...charity
78.2%
Ready, willing, and...Able
77.2%
First Two Third % Correct
Veni, vidi...vici
74%
Simon Cowell, Randy Jackson, and...Paula Abdul
72.5%
George, Elaine, and...Kramer
70.4%
Gold, frankincense, and...myrrh
70%
Reading, writing, and...arithmetic
68.6%
The Fellowship of the Ring, The Two Towers...The Return of the King
62%
Kentucky Derby, Preakness Stakes, and...Belmont Stakes
53.9%
Kevin, Nick, and...Joe
53.7%
Greg, Peter, and...Bobby
49.2%
Wynken, Blynken, and...Nod
44.8%
Barry, Robin, and...Maurice
36.6%
Luciano Pavarotti, Plácido Domingo, and...José Carreras
24.1%

You're not logged in!

Compare scores with friends on all Sporcle quizzes.
OR
Log In

You Might Also Like...

Show Comments

Extras

Top Quizzes Today


Score Distribution

Your Account Isn't Verified!

In order to create a playlist on Sporcle, you need to verify the email address you used during registration. Go to your Sporcle Settings to finish the process.

Report this User

Report this user for behavior that violates our Community Guidelines.

Details: